NBA Ultimate Quiz... - Statistics

General Stats
  • This quiz has been taken 18 times
  • The average score is 6 of 12
Answer Stats
Answer % Correct
2 Lebron James
100%
1 Stephen Curry
78%
3 Kevin Durant
67%
9 James Harden
61%
4 Kyrie Irving
56%
6 Kawhi Leonard
44%
5 Klay Thompson
44%
8 Anthony Davis
39%
10 Rudy Gobert
33%
12 Brandon Ingram
28%
11 Donovan Mitchell
28%
7 Kemba Walker
11%
No matching quizzes found
Score Distribution
Percent of People with Each Score
Percentile by Number Answered
Your Score History
You have not taken this quiz